| 000 | 01173nam a2200277 4500 | ||
|---|---|---|---|
| 003 | EC-UNACH | ||
| 005 | 20251204150258.0 | ||
| 006 | s||||gr|||| 00| 00 | ||
| 008 | 150116t9999 mx r gr 000 0 spa d | ||
| 020 | _a978-3-8228-4147-1 | ||
| 040 |
_aEC-UNACH _cEC-UNACH |
||
| 041 | _aspa | ||
| 082 | 0 | 4 |
_223 _aL018468 _b720 |
| 100 | _aSchleifer, Simone | ||
| 245 | _aEdificios espectaculares | ||
| 264 |
_aEspaña _bTaschen _c2007 |
||
| 300 |
_a378 páginas _bfotografías _c25 x 25 centímetros |
||
| 501 | _aIncluye índice | ||
| 505 | _aUFA Cinema Center -- Biblioteca de Seattle -- Casa de música -- Extensión del denver art museum -- Castellum -- Museo Mercedes Benz -- Prada aoyama epicenter -- Ing. head office -- La defense -- Funder factory 3 -- Aeropuerto de Madrid - Barajas -- The boston convention &exhibition center -- Torre agbar -- Sony center -- Hesperia tower -- Jumeirah emirates towers -- Expo 2 -- Disney concert hall L.A. Guggenheim bilbao. | ||
| 650 | _aEDIFICACIONES | ||
| 650 | _aARQUITECTURA | ||
| 942 |
_2ddc _c1 |
||
| 999 | _c14249 | ||